LIBRARY & INFORMATION CENTRE, KCAET, TAVANUR

ONLINE PUBLIC ACCESS CATALOGUE (OPAC)

Specification for hollow clay tiles for floors and roofs,IS:3951-1975 / (Record no. 4286)

MARC details
000 -LEADER
fixed length control field 00901cam a2200145ua 4500
041 ## - LANGUAGE CODE
Language code of text/sound track or separate title eng
082 ## - DEWEY DECIMAL CLASSIFICATION NUMBER
Classification number 691.42
Item number IND/SP
245 ## - TITLE STATEMENT
Title Specification for hollow clay tiles for floors and roofs,IS:3951-1975 /
260 ## - PUBLICATION, DISTRIBUTION, ETC. (IMPRINT)
Place of publication :
Name of publisher ISI ,
Year of publication 1975.
300 ## - PHYSICAL DESCRIPTION
Number of Pages 10 ; .
942 ## - ADDED ENTRY ELEMENTS (KOHA)
Koha item type Books
Holdings
Withdrawn status Lost status Damaged status Home library Current library Date acquired Full call number Accession Number Koha item type
      KAUAET   07/04/2012 691.42 17335 Books
free website counter